000 00511nam a2200181Ia 4500
005 20250612110539.0
008 008 250516s9999 xx 000 0 eng d
040 _beng
_cSDCL
041 _aeng
_2eng
084 _aX:9.2'P R4 RR
100 _aMuthuswamy
245 0 _aSwamy's manual on office procedure :
_bFor central government offices
260 _aNew Delhi :
_bSwamy Publishers (P) Ltd,
_c2024.
300 _axxii, 362p.
650 _aReference
700 _aBrinda,Sanjeev,
942 _cREF
_2CC
999 _c1430419
_d1430419